Refrigeration Tables and Charts (S I Units) (Record no. 178472)

MARC details
000 -LEADER
fixed length control field 00508nam a2200205Ia 4500
008 - FIXED-LENGTH DATA ELEMENTS--GENERAL INFORMATION
fixed length control field 240823s9999||||xx |||||||||||||| ||und||
020 ## - INTERNATIONAL STANDARD BOOK NUMBER
International Standard Book Number 81-219-2829-X
082 ## - DEWEY DECIMAL CLASSIFICATION NUMBER
-- 621.56 P7
100 ## - MAIN ENTRY--PERSONAL NAME
Personal name Khurmi .R.S
245 #0 - TITLE STATEMENT
Title Refrigeration Tables and Charts (S I Units)
250 ## - EDITION STATEMENT
Edition statement 1st
260 ## - PUBLICATION, DISTRIBUTION, ETC. (IMPRINT)
Date of publication, distribution, etc 2007
Name of publisher, distributor, etc S chand New D
Place of publication, distribution, etc New Delhi
500 ## - GENERAL NOTE
General note Transfered
650 ## - SUBJECT ADDED ENTRY--TOPICAL TERM
Topical term or geographic name as entry element Refrigeration
700 ## - ADDED ENTRY--PERSONAL NAME
Personal name Gupta J K
942 ## - ADDED ENTRY ELEMENTS (KOHA)
Item type Books
Holdings
Withdrawn status Lost status Damaged status Permanent location Current location Shelving location Date acquired Source of acquisition Cost, normal purchase price Full call number Barcode Date last seen Koha item type
      CENTRAL LIBRARY, NOORUL ISLAM CENTRE FOR HIGHER EDUCATION CENTRAL LIBRARY, NOORUL ISLAM CENTRE FOR HIGHER EDUCATION   10/08/2007 Higginbothams Private Ltd 50.00 621.56 P7 31891 08/23/2024 Books
Visitors:
Copyright © 2024 Central Library NICHE.  All rights reserved.